| 000 | 00839nam a22002297a 4500 | ||
|---|---|---|---|
| 008 | 240605b mp ||||| |||| 00| 0 mon d | ||
| 020 | _a978-99962-3-638-9 | ||
| 035 | _a18557 | ||
| 040 |
_aHE0623081 _bmon _cMN-UlNLM _dMN-UlNLM _erda |
||
| 041 | _amon | ||
| 042 | _a45127 | ||
| 084 |
_2NNA _a74.100.5 _bБ.77 |
||
| 100 | _aБуртон Ж. | ||
| 245 | 0 | _aҮлэг гүрвэл | |
| 264 |
_aУБ. _bМонсудар ХГ _c2013 |
||
| 300 | _a12х. | ||
| 336 |
_2rdacontent _atext _btxt |
||
| 337 |
_2rdamedia _aunmediated _bn |
||
| 338 |
_2rdacarrier _avolume _bnc |
||
| 650 | _aХүүхдүүд та бүхэн эрт галавын үеийн үлэг гүрвэлийн хурц шүд, товгор хайрс, үсэрхэг зөөлөн арьс, өдтэй далавч, өргөстэй сүүлийг г... | ||
| 942 |
_2NNA _cBK |
||
| 999 |
_c889912 _d889969 |
||